Vplyv pandémie Covid-19 na funkciu manažmentu organizovanie diplomová práca

Enregistré dans:
Détails bibliographiques
Auteur principal: Vido, Tomáš
Collectivité auteur: Fakulta podnikového manažmentu EU. Katedra manažmentu
Autres auteurs: Mišún, Juraj, 1978-
Format: Livre
Langue:slovaque
Publié: Bratislava 2023
Tags: Ajouter un tag
Pas de tags, Soyez le premier à ajouter un tag!

MARC

LEADER 00000nbm a2200000 4500
001 0293497
005 20240221090052.1
041 0 |a slo 
044 |a SK 
245 1 0 |a Vplyv pandémie Covid-19 na funkciu manažmentu organizovanie  |b diplomová práca  |c Tomáš Vido ; školiteľ: Juraj Mišún 
264 1 |a Bratislava  |c 2023 
300 |a 88 s. 
100 1 |a Vido, Tomáš 
700 1 |a Mišún, Juraj, 1978- 
710 2 |a Fakulta podnikového manažmentu EU. Katedra manažmentu